Statistics for Movies Set in Las Vegas Quiz

Click here to take the quiz!

General Stats

  • This quiz has been taken 21,033 times
    (5,223 since last reset)
  • The average score is 9 of 15

Answer Stats

DescriptionMovie / TV Show% Correct
One man and his ten closest associates plan an elaborate casino heistOcean's Eleven
95%
Four friends go to Vegas for a bachelor party. Mike Tyson's tiger gets stolenThe Hangover
89%
Man uses his autistic brother to count cardsRain Man
83%
1960s super-spy is unfrozen to fight a certain evil doctorAustin Powers
76%
Forensic investigators use highly unrealistic methods to solve crimesCSI
65%
Plane full of prisoners crash-lands on the Vegas stripCon Air
64%
Gonzo journalist and his friend do many strange drugsFear and Loathing in
Las Vegas
53%
Team of MIT students make lots of money playing blackjack21
50%
For $1 million, a billionaire buys a night of passion with a married womanIndecent Proposal
50%
Man drinks himself to death while prostitute falls in love with him -
Nicolas Cage won an Oscar for this film!
Leaving Las Vegas
50%
You want to sell a priceless family heirloom, but the best these pawn brokers can do is $25Pawn Stars
50%
Chicago mob sends a Jewish oddsmaker to run their Las Vegas operation. They also
send a violent and unstable enforcer
Casino
49%
A terribly-written movie stars a former "Saved by the Bell" star and
has copious amounts of nudity
Showgirls
38%
Trucker has a dream - a dream to be the world's best arm wrestlerOver the Top
29%
Very unlucky man is employed by a Vegas casino to kill winning streaksThe Cooler
17%

Score Distribution

Percentile by Number Answered

Percent of People with Each Score

Your Score History

You have not taken this quiz since the last reset